Διαχείριση της κρίσης στον τουρισμό : πτυχιακή εργασία

Αποθηκεύτηκε σε:
Λεπτομέρειες βιβλιογραφικής εγγραφής
Κύριος συγγραφέας: Φάβιος, Γεώργιος
Συγγραφή απο Οργανισμό/Αρχή: Πανεπιστήμιο Αιγαίου Σχολή Επιστημών της Διοίκησης Τμήμα Διοίκησης Επιχειρήσεων - Τ.Δ.Ε
Άλλοι συγγραφείς: Λαγός, Δημήτρης Γ. (Εισηγητής διατριβής)
Μορφή: Thesis Βιβλίο
Γλώσσα:Greek
Δημοσίευση: Χίος : Πανεπιστήμιο Αιγαίου. Σχολή Επιστημών της Διοίκησης. Τμήμα Διοίκησης Επιχειρήσεων, 2013
Θέματα:
Διαθέσιμο Online:http://hdl.handle.net/11610/6797
Ετικέτες: Προσθήκη ετικέτας
Δεν υπάρχουν, Καταχωρήστε ετικέτα πρώτοι!

MARC

LEADER 00000cam a2200000 i 4500
001 1/44148
008 140311s2013 gre d
035 |l 10117071 
040 |a GR-MY-UA  |b gre  |e aacr 
041 0 |a gre 
082 0 |a 338.4791  |2 (23) 
100 1 |a Φάβιος, Γεώργιος. 
245 1 0 |a Διαχείριση της κρίσης στον τουρισμό :  |b πτυχιακή εργασία /  |c σπουδαστής: Φάβιος Γεώργιος ; επιβλέπων: Λαγός Δημήτριος 
260 |a Χίος :   |b Πανεπιστήμιο Αιγαίου. Σχολή Επιστημών της Διοίκησης. Τμήμα Διοίκησης Επιχειρήσεων,   |c 2013 
300 |a 85 σ.;  |b διαγρ., πίν.;  |c 30 εκ. 
502 |a Πτυχιακή εργασία – Πανεπιστήμιο Αιγαίου, Χίος, 2013. 
650 0 0 |a Tourism. 
650 0 0 |a Financial crises  |z Greece. 
650 0 0 |a Dissertations, Academic  |z Greece. 
700 1 |4 ths  |a Λαγός, Δημήτρης Γ. 
710 1 |a Πανεπιστήμιο Αιγαίου  |b Σχολή Επιστημών της Διοίκησης  |b Τμήμα Διοίκησης Επιχειρήσεων - Τ.Δ.Ε. 
852 |a INST  |b CHIOS  |c DIATR  |e 20140311  |h 338.4791 ΦΑΒ  |p 005200036477  |q 005200036477  |t DIE  |y 23 
852 |a INST  |b CHIOS  |c DIATR  |e 20140311  |h 338.4791 ΦΑΒ  |p 005200036478  |q 005200036478  |t DIE  |y 23 
856 |u http://hdl.handle.net/11610/6797 
901 |a BIBL2-2014-1 
909 |a Χ  |b 180301 
909 |a Χ  |b 180302 
924 |a Φάβιος  |b Γεώργιος  |y Χίος  |z 2013-11 
970 |a Σαλαμούρα  |b Μαρία  |z 2014/03/12